عرض عادي
عرض مارك
- المعادلات التفاضلية
مدخل مصطلح موضوعي
001 - رقم الضبط
- حقل الضبط: 1456
003 - معرف رقم الضبط
- حقل الضبط: OSt
005 - تاريخ ووقت أخر عملية
- حقل الضبط: 20110730195117.0
008 - عناصر بيانات ثابتة الطول
- حقل تحكم ثابت الطول: 110730|||a|||||| | ||| d
040 ## - مصدر الفهرسة
- هيئة الفهرسة الأصلية: OSt
- وكالة الكتابة: OSt
150 ## - مدخل-- مصطلح تاريخي
- عنصر مدخل المصطلح الموضوعي او الاسم الجغرافي: المعادلات التفاضلية
670 ## - بيانات المصدر موجوده
- الاستشهاد بالمصدر: Work cat.: (OSt)9079: سحاب، سالم أحمد، 1374 هـ- 1455, مقدمة في المعادلات التفاضلية /, 1994
